00829nam a2200253 a 450000100100000000500170001000800410002701000130006802000150008104000180009608200180011410000350013224500410016725000110020826000430021930000210026249000270028365000280031065000310033883000360036991000340040595201210043999900150056000000772120200929154256.0930716s1993 sp 000 1 spa  a94179205 a8423322904 aDO-SdBNPcDLC a863.64bA694r1 aArgullol, Rafael,d1949-9874713aLa razon del mal /cRafael Argullol. a1. ed. aBarcelona :bEdiciones Destino,c1993. a271 p. ;c20 cm.1 aÁncora y delfinv704 4aNovela española91123 4aLiteratura española9632 0aÁncora y delfin ;v704921394 aCatalogación por copia / LC 001052708MOaGRbGRcCTd2009-09-10iLF1l0o863.64 A694rp7721-10r2020-06-25w2020-06-25y2ZPréstamo interno c7499d7499